000 00534nam a2200217Ia 4500
999 _c45867
_d45867
003 0100
005 20171018094309.0
008 130303s9999 xx 000 0 und d
020 _a0895269376
040 _cARRUPELIB
050 _aB765.T531 1961
100 _aAquinas, Thomas Saint
_937106
245 _aProvidence and predestination
245 _btruth, questions 5 & 6
260 _aSouth Bend, Indiana
260 _bRegnery / Gateway
300 _a154p.
300 _b 18cm.
650 _aProvidence
_937201
650 _aPredestination and determination
_937202
700 _aMulligan, Robert W
_937203
942 _2lcc
_cMONOGRAPH